000 01600nam a22002417a 4500
003 DO-SdBJH
005 20240828170728.0
008 240823b |||||||| |||| 00| 0 spa d
040 _aDO-SdBJH
_bspa
_cDO-SdBJH
090 _aTG ANGM
_b02108 2022
100 1 _aNúñez Borges, Kelvin Manuel
_esustentante
245 1 0 _aSituación actual y prospectiva de la estación meteorológica de la Academia Naval como herramienta académica para la investigación científica /
_c Kelvin Manuel Núñez Borges, Juan José Núñez Sandoval, asesores Gertrudis Perera Rodríguez , Manuel Virgílio Feliz Ledesma
260 _aSanto Domingo Este :
_bINSUDE,
_c2022
300 _axvii, 54 páginas
502 _aTrabajo de grado (Licenciado en Ciencias Navales). -- Instituto Superior para la Defensa (INSUDE). Academia Naval Marina de Guerra “Vicealmirante Cesar D’Windt Lavandier”, 2022
504 _aIncluye referencias bibliográficas e índices
505 _aFundamentos teóricos para el desarrollo y funcionamiento de una estación meteorológica. -- Los servicios meteorológicos en el marco de la Armada de República Dominicana. -- Situación actual y prospectiva de la estación meteorológica de la Academia Naval como herramienta para la investigación científica
700 1 _aNúñez Sandoval, Juan José
_esustentante
700 1 _aPerera Rodríguez, Gertrudis
_easesor
700 1 _aFeliz Ledesma, Manuel Virgílio
_easesor
830 _aINSUDE. Academia Naval Marina de Guerra “Vicealmirante Cesar D’Windt Lavandier”. Tesis y disertaciones académicas
942 _2CL
_cT
999 _c7816
_d7816